• 首页
  • 本馆介绍
  • 公告通知
  • 最新文献
  • 馆藏检索
  • 电子资源
  • 读者导购
  • 参考咨询
  • 我的图书馆
  • 登录
  • 详细信息显示
  • 放入我的书架
  • 预约/预借图书
  • 作者相关作品
  • 分类相关作品
  • 丛书相关作品
  • 出版社相关作品

书目信息

  • 表格格式
  • 工作单格式
  • 卡片格式
题名:
新编电动自行车修理498问
    
 
作者: 崔万安 主编
分册:  
出版信息: 北京   金盾出版社  2014
页数: 254页
开本: 23cm
丛书名:
单 册:
中图分类: U484.07
科图分类:
主题词: 电动自行车--维修--基本知识
电子资源:
ISBN: 978-7-5082-9361-5
000 00819nam0 2200217 450
001 3311
005 20160926093152.76
010    @a978-7-5082-9361-5@b平装@dCNY43.00
100    @a20141103d2014 em y0chiy50 ea
101 0  @achi
102    @aCN@b110000
105    @aa z 000yy
200 1  @a新编电动自行车修理498问@9xin bian dian dong zi xing che xiu li 498 wen@f崔万安主编
210    @a北京@c金盾出版社@d2014
215    @a254页@c图@d23cm
330    @a本书将作者多年摸索的实际修理经验,用问答的形式,详细介绍了电动自行车的基本知识、使用维护和故障检修方法。内容包括整车、电动机、蓄电池、控制器、充电器以及仪表、元件和其他部分的故障检修。
606 0  @a电动自行车@x维修@x基本知识
690    @aU484.07@v5
701  0 @a崔万安@9cui wan an@4主编
801  0 @aCN@b唐山师范学院图书馆@c20151001
905    @aZUCC@dU484.07@e328
    
    新编电动自行车修理498问/崔万安主编.-北京:金盾出版社,2014
    254页:图;23cm
    
    
    ISBN 978-7-5082-9361-5(平装):CNY43.00
    本书将作者多年摸索的实际修理经验,用问答的形式,详细介绍了电动自行车的基本知识、使用维护和故障检修方法。内容包括整车、电动机、蓄电池、控制器、充电器以及仪表、元件和其他部分的故障检修。
●
相关链接 在E读中查询图书 在五车中查询图书 在当当中查询图书 在豆瓣中查询图书


正题名:新编电动自行车修理498问     索取号:U484.07/328         预约/预借

序号 登录号 条形码 馆藏地/架位号 状态 备注
1 904538   209045380   第二样本阅览室/ [索取号:U484.07/328] 在馆    
2 904539   209045399   第三借阅区/ [索取号:U484.07/328] 在馆    
3 904540   209045406   第三借阅区/ [索取号:U484.07/328] 在馆    
4 904541   209045415   第三借阅区/ [索取号:U484.07/328] 在馆    
5 904542   209045424   物理系资料室/ [索取号:U484.07/328] 在馆    
唐山师范学院图书馆 欢迎您!
大连网信软件有限公司© 版权所有